Great Circle (Record no. 3431)
[ view plain ]
| 000 -LEADER | |
|---|---|
| fixed length control field | 00344nam a22001457a 4500 |
| 008 - FIXED-LENGTH DATA ELEMENTS--GENERAL INFORMATION | |
| fixed length control field | 250513b |||||||| |||| 00| 0 eng d |
| 020 ## - INTERNATIONAL STANDARD BOOK NUMBER | |
| ISBN | 9781529176643 |
| 100 ## - MAIN ENTRY--AUTHOR | |
| Author | Shipstead Maggie |
| 245 ## - TITLE STATEMENT | |
| Title | Great Circle |
| 260 ## - PUBLICATION, DISTRIBUTION, ETC. (IMPRINT) | |
| Place of publication | Elcograt |
| Name of publisher | Penguin |
| Date of publication | 2021 |
| 300 ## - COLLATION | |
| Pagination | 672p. |
| 650 ## - TRACINGS | |
| Main Subject | Novel |
| Subdivision (1st) | Passion |
| 942 ## - ADDED ENTRY ELEMENTS (KOHA) | |
| Item type | Books |
| 050 ## - LIBRARY OF CONGRESS CALL NUMBER | |
| Classification number | PS3619.H586 |
| Item number | .G74 |
| Source of classification or shelving scheme | Not for loan | Permanent location | Current location | Date acquired | Accession No. | Full call number | Barcode. | Koha item type |
|---|---|---|---|---|---|---|---|---|
| Library of Congress Classification | Samuel Ogbemudia Main Library, University of Abuja | Samuel Ogbemudia Main Library, University of Abuja | 05/13/2025 | 2024/64375 | PS3619.H586.S45 | 2025-1897 | Books |